[Event "Escaldes zt"]
[Site "Escaldes"]
[Date "1998.11.09"]
[Round "4"]
[White "Magem Badals, Jordi"]
[Black "Arlandi, Ennio"]
[Result "1-0"]
[WhiteElo "2540"]
[BlackElo "2440"]
[Annotator "Ribli,Z"]
[PlyCount "71"]
[EventDate "1998.11.06"]
[EventType "swiss"]
[EventRounds "9"]
[EventCountry "AND"]
[SourceTitle "CBM 068"]
[Source "ChessBase"]
[SourceDate "1999.02.01"]
[SourceVersion "1"]
[SourceVersionDate "1999.02.01"]
[SourceQuality "1"]

1. e4 c5 2. Nf3 e6 3. d4 cxd4 4. Nxd4 Nc6 5. Nb5 {Das ist die für Schwarz
kritische Fortsetzung. Ribli.} d6 6. c4 {Mit diesem Zug erlangt Weiß
Raumvorteil im Zentrum.} (6. Bf4 e5 7. Be3 {[%csl Yd5] Das ist die andere
Variante. Weiß hat ein Tempo verloren, aber das Feld d5 ist ein ewiges
positionelles Loch.}) 6... Nf6 7. N1c3 a6 8. Na3 Be7 (8... d5 $5 {Diese
Gambitfortsetzung führt zu scharfem Spiel.}) 9. Be2 O-O 10. O-O b6 11. Be3 Ne5
{[%cal Ge5d7] [#]Schwarz verbessert seine Springerstellung, denn der Springer
auf c6 steht unglücklich. In einigen Varianten muß Schwarz (nach z.B. ...Qc7)
mit dem typischen Motiv Rc1 nebst Nd5 rechnen. Auf d7 steht der Springer
elastisch.} 12. Qb3 Ned7 13. Rfd1 Qc7 14. Rac1 (14. f3 Bb7 15. Kh1 Rac8 16. Rd2
Nc5 17. Qd1 Rfd8 18. Rc1 Qb8 19. Qg1 d5 $11 {1/2-1/2 Gufeld,E-Kasparov,G/Baku
1980/EXT 99 (33)}) 14... Bb7 15. f3 Rac8 (15... Nc5 16. Qc2 Rfe8 17. Bf2 Rac8 {
1/2-1/2 Ristoja,T-Pulkkinen,K/FIN-chT 1990/EXT 97 (17)}) 16. Kh1 {[#]} (16. Qc2
Rfe8 17. Qd2 Qb8 18. Kh1 h6 19. Bf1 Ne5 20. Na4 Nfd7 21. Qf2 d5 22. exd5 exd5
23. Nxb6 Nxb6 24. Bxb6 Bxa3 25. bxa3 Nxc4 {1/2-1/2 Sedina,E-Ioseliani,N/Erevan
1996/EXT 97 (42)}) (16. Na4 $6 {[%cal Ra4b6] Für diese Aktion ist es zu früh.}
Nc5 17. Nxc5 bxc5 $15 (17... dxc5 $15)) 16... Rfe8 {Bis jetzt folgten beide
Spieler der Schablone. Die schwarzen Türme müssen auf c8 und e8 stehen. Weiß
kontrolliert viel mehr Raum, aber es ist nicht leicht, einen konkreten Plan zu
finden.} (16... Qb8 $5 17. Rd2 (17. Bxb6 Bxe4 $132 {[%cal Rb8b6]}) 17... Bd8
18. Qd1 Bc7 19. Qg1 Kh8 20. Rcd1 Rg8 21. Bg5 h6 22. Bf4 Ne5 23. Be3 Ned7 24.
Bf4 Ne5 25. Be3 Ned7 26. Nc2 g5 27. Qf2 Rg6 {0-1 Ginsburg,G-Leito,P/Deizisau
1998/CBM 64 ext (49)}) (16... Kh8 17. Qc2 Rg8 18. Qd2 h6 19. Bg1 g5 20. Bf1 Rg6
21. Qe3 Qb8 22. Qd4 Ba8 23. Nc2 h5 {0-1 Moingt,J-Cabrilo,G/Royan 1989/EXT 97 
(36)}) 17. Bf1 Ba8 $11 {Weiß hat großen Raumvorteil im Zentrum, aber das ist
alles. Schwarz hat eine etwas passive, aber gut spielbare, feste Stellung. In
der Turnierpraxis erzielt Schwarz mit dieser Variante ein gute prozentuale
Ausbeute.} (17... Bf8 18. Bg1 {1/2-1/2 Ernst,T-Polugaevsky,L/Reykjavik 1990/
CBM 18 ext (18)}) (17... Qb8 $5) 18. Nab1 {Weiß verbessert seine
Springerstellung.} Qb8 (18... Nc5 19. Qc2 {[%cal Gc2f2]}) 19. a3 Bd8 {Das ist
ein interessantes Manöver. Die andere mögliche Läuferaufstellung wäre 19...Bf8.
} 20. Bg1 Bc7 21. Qa2 Kh8 $6 {[#]Das ist auch ein typisches Manöver, aber in
der konkreten Stellung nicht so gut. Schwarz bereitet ...g7-g5 mit Raumgewinn
am Königsflügel vor.} 22. b4 $14 {Weiß hat eine bequeme Stellung. Zug um Zug
kann er am Damenflügel Aktionen mit Nb1-d2-b3 nebst eventuellem c4-c5 beginnen.
} Bb7 23. Nd2 g5 $2 {[#]Schwarz ist konsequent, aber folgt einem fatalen Plan.}
(23... Kg8 $14) 24. Qb2 $1 {[%csl Rh8][%cal Gb2h8]} Rg8 {Schwarz möchte ...Rg6
und ...Ne5 spielen, aber sein Plan scheitert, während der Gegner am
Damenflügel kommt.} (24... Kg8 25. Be3 {[%csl Rg5]} h6 26. Nb3 $16 {[%csl Rg8]}
) 25. Nb3 Rg6 (25... g4 $5) 26. a4 Ne5 27. c5 $1 $16 {[%cal Gb2h8] Dieser
Durchbruch bringt Weiß in Vorteil. Schwarz hat nicht nur am Damenflügel
Schwächen. Auch sein König steht schlecht in der langen Diagonalen.} Nfd7 (
27... dxc5 28. bxc5 bxc5 29. Nxc5 $16 {[%csl Ra6,Rb7,Gc5][%cal Rb2b8,Gf1a6]}) (
27... bxc5 28. bxc5 d5 29. exd5 exd5 30. Nd4 $16 {[%csl Rb7,Gc5,Gd4] Der
d4-Springer blockiert ausgezeichnet. Schwarz hat kein Gegenspiel.}) 28. cxb6 $5
(28. cxd6 Bxd6 $14) 28... Bxb6 (28... Nxb6 29. Na5 $16 {[%csl Ga5,Rb7,Gf1,Gg1]}
) 29. Bxb6 Nxb6 30. Na5 {[%csl Ga5,Ra6,Rb7] Der weiße Springer steht
ausgezeichnet auf a5. Der a6-Bauer ist schwach und es droht b4-b5 mit großem
weißen Übergewicht.} Kg8 31. b5 $1 axb5 32. Nxb7 (32. Bxb5 $6 Ba8 $14) 32...
Qxb7 33. Nxb5 {[%csl Rd6][%cal Rb5d6,Rd6b7] Weiß hat freie Hand am Damenflügel,
während der schwarze g6-Turm schrecklich schlecht steht und nicht helfen kann.}
Nxa4 (33... Rxc1 34. Rxc1 Nbd7 35. Rc7 Qa6 36. Qd4 $18 {[%csl Rd6]}) 34. Qd4 {
[%csl Ra4,Rd6][%cal Rb5d6,Rd4a4]} Rxc1 (34... Ra8 35. Qxd6 $18) 35. Rxc1 $18 {
[%cal Rd4a4,Rb5d6] Schwarz kann sich nicht mehr verteidigen.} Nc5 36. Nxd6 {
[%csl Rc5,Re5] Und Schwarz gab auf, denn er verliert mindestens eine Figur.}
1-0

[Event "Interzonal-15"]
[Site "Manila"]
[Date "1990.??.??"]
[Round "10"]
[White "Yudasin, Leonid"]
[Black "Ehlvest, Jaan"]
[Result "1-0"]
[WhiteElo "2615"]
[BlackElo "2655"]
[Annotator "Ribli,Z"]
[PlyCount "125"]
[EventDate "1990.06.29"]
[EventType "swiss"]
[EventRounds "13"]
[EventCountry "PHI"]
[SourceTitle "CBM 019"]
[Source "ChessBase"]
[SourceDate "1990.12.01"]
[SourceVersion "1"]
[SourceVersionDate "1990.12.01"]
[SourceQuality "1"]

1. e4 c5 2. Nf3 e6 3. d4 cxd4 4. Nxd4 Nc6 5. Nb5 d6 6. c4 Nf6 7. N1c3 a6 8. Na3
b6 9. Be2 Bb7 10. O-O Nb8 11. f3 Nbd7 12. Bf4 $5 Qb8 (12... Qc7 $5) 13. Qd2 Be7
14. Rad1 (14. Rfd1 $16) 14... Ne5 $8 15. Kh1 (15. Bg3 g5 $1 $10) 15... O-O 16.
Bg3 (16. Bg5 Rd8 17. f4 Ng6 {/\ h6=}) 16... Qc7 17. f4 Ng6 (17... Ned7 18. e5
Ne8 $5 (18... dxe5 19. fxe5 Nxe5 20. Qg5 Qc6 21. Bxe5 $18)) 18. Bf3 $14 {()}
Rfd8 19. Qe2 (19. Rfe1 $5 {/\ h4-h5}) 19... Nd7 {/\ 20... Bf6, 20... Nh4, 20...
Bh4} 20. Nab1 $1 {/\ 20... Rac8 21. b3+/=} Bf8 (20... Nh4 21. Bh5 $1 g6 22. Qf2
$16) 21. Nd2 Rac8 22. h4 $1 Re8 23. h5 Ne7 24. Bh4 (24. Bf2 $5) 24... Nc6 25.
Ndb1 {/\ 25... Na5 26. b3+/=} Nc5 26. Bf2 Qb8 (26... g6 $5) 27. Rfe1 (27. Rc1
$5) 27... Qc7 28. Qe3 {/\ a3, b4} (28. Rc1 $5) 28... Nd7 29. Rc1 {/\ Nd5} Nc5
30. Nd2 (30. a3 Nb3 $1 31. Rcd1 Nca5) 30... Be7 31. Bg3 $6 (31. Red1) 31... h6
$1 (31... Bf6 32. h6 $1 Bd4 33. Qe2 Bxc3 34. bxc3 $16) 32. a3 Qd8 (32... Bf6 $1
33. b4 Bd4 34. Qe2 Bxc3 35. Rxc3 Nd4 36. Qd1 Nxf3 37. Rxf3 $14) 33. b4 Nd7 $6 (
33... Bh4) 34. Nb3 $6 (34. Red1) 34... e5 $1 35. Bg4 (35. Nd5 Bh4 36. Qf2 Bxg3
37. Qxg3 exf4 38. Qxf4 Nde5 39. Be2 $16) 35... Rb8 $2 $138 (35... exf4 36. Bxf4
Nce5 37. Bxe5 Nxe5 $1 38. Bxc8 Bg5 39. Qf2 (39. Bxb7 $2 Bxe3 40. Rxe3 Ng4 $19)
39... Bxc8 40. Rc2 $13) 36. Rcd1 $138 exf4 37. Bxf4 Nde5 38. Be2 Bf8 39. Qg3 $1
Kh8 (39... Re6 40. b5 $1 $16) 40. c5 $16 bxc5 41. Nxc5 $1 Qc8 $8 42. Nxb7 Qxb7
43. Nd5 (43. Rf1 $5) 43... Ne7 (43... Nd8 $2 44. Bxh6 $18) 44. Rf1 Nxd5 45.
Rxd5 Re6 (45... Rbc8 46. Bxe5 dxe5 47. Rxe5 $18) 46. Bxe5 dxe5 (46... Rxe5 $2
47. Rxe5 dxe5 48. Qxe5 $18) 47. Qd3 $1 $18 f6 48. Bg4 {/\ Bf5, Qg3-g6} Rc6 49.
Bd7 (49. Bf5 Qf7) 49... Rc7 50. Rd1 Be7 (50... Rd8 51. Bc6 $1 Rxd5 52. exd5 $18
) 51. Qg3 Ra8 52. Qg6 Qb8 $8 53. Bf5 Qg8 $8 54. Kh2 Rb7 55. Rd7 Rba7 56. R1d5
Rxd7 57. Rxd7 Bf8 (57... Re8 58. Ra7) 58. Kh1 $1 {(.)} a5 59. b5 (59. bxa5 $5
Bxa3 60. a6 Rxa6 61. Rd8 $18) 59... Bxa3 60. b6 a4 61. b7 Rf8 62. Rc7 Bd6 63.
Rc8 1-0

[Event "USA-ch"]
[Site "Parsippany"]
[Date "1996.??.??"]
[Round "1"]
[White "Yermolinsky, Alex"]
[Black "De Firmian, Nick E"]
[Result "1-0"]
[WhiteElo "2610"]
[BlackElo "2575"]
[Annotator "Ribli,Z"]
[PlyCount "131"]
[EventDate "1996.07.13"]
[EventType "tourn"]
[EventRounds "13"]
[EventCountry "USA"]
[EventCategory "12"]
[SourceTitle "CBM 055"]
[Source "ChessBase"]
[SourceDate "1996.12.01"]
[SourceVersion "1"]
[SourceVersionDate "1996.12.01"]
[SourceQuality "1"]

1. e4 c5 2. Nf3 e6 3. d4 cxd4 4. Nxd4 Nc6 5. Nb5 d6 6. c4 Nf6 7. N1c3 a6 8. Na3
Be7 9. Be2 O-O 10. O-O b6 11. Be3 (11. f4 Bb7 12. Bf3 Rc8 $13) 11... Bb7 12.
Qb3 Nd7 13. Rfd1 Rb8 (13... Nc5 14. Qc2 (14. Bxc5 $2 bxc5 15. Qxb7 $4 Na5 $19)
14... Bf6 (14... Qc7 $5) 15. Rac1 Bxc3 16. Qxc3 Nxe4 17. Qb3 Rb8 18. Bxb6 Qe7
$5 (18... Qf6 $6 19. Qe3 Ba8 20. b3 Qb2 21. Bf3 Ne5 22. Bxe4 Bxe4 23. Bc7 Rbc8
24. Bxd6 $16 {Nunn,J-Ljubojevic,L/Belgrade/1991/}) 19. Qe3 Ba8 20. Qxe4 Rxb6
21. b3 Qg5 22. Qe3 Qc5 23. Bf3 Ne5 $10 {Sammalvuo,T-Cramling,P/Reykjavik zt/
1995/CBM47/}) 14. f3 Kh8 $6 15. Rd2 g5 $6 {Ribli.Das ist ein bekannter
Schablonenzug. Wenn der Laeufer statt auf e7 auf c7 steht, dann ist dieser
Bauernzug noch besser.} 16. Qd1 Rg8 17. Nc2 Nce5 18. Bd4 (18. b4 Rc8 {Ribli.
In dieser "Igel-Stellung" muss Weiss jeden Bauernzug zweimal durchdenken, denn
die Hauptidee von Schwarz heißt warten und gegen weisse Schwaechen spielen.})
18... Qc7 19. Ne3 $14 {Ribli. Wenn der schwarze g-Bauern auf g7 stuende, dann
waere dieser Zug nach 19...Nc6 sehr schlecht und Weiss geriete auf den
schwarzen Feldern in grosse Not.} Nf6 20. Rc1 Bf8 21. b4 $1 Bg7 22. h3 Nh5 (
22... Nc6 23. Bxf6 Bxf6 24. Ncd5 Qd8 25. Nxf6 Qxf6 26. Rxd6) 23. Na4 Ba8 24. a3
Nf4 25. Bf1 Rgf8 26. Ng4 $1 {Ribli. Weiss tauscht die beste schwarze Figur und
erhält eine angenehme Stellung.} Nxg4 27. hxg4 Bxd4+ 28. Rxd4 Rfd8 29. g3 Ng6
30. Kg2 {Ribli.Weiss verhindert das moegliche d6-d5.} Rbc8 31. Qd2 e5 (31...
Bc6 $5 32. b5 $2 (32. Nb2 Qe7 33. Rd1 Qf6) 32... Bxb5) 32. Rd3 b5 33. Nb2 h6
34. Rdc3 $16 {Ribli. Schwarz hat keine Hoffnung auf aktives Gegenspiel.} Qe7
35. Nd1 {Ribli. Der Springer zielt nach f5 oder d5.} Qe8 36. Ne3 {Ribli.
Strategisch ist Schwarz verloren.} Ne7 37. cxb5 Rxc3 38. Rxc3 axb5 39. Rd3 (39.
Rc7) 39... Qc6 40. Nd5 Nxd5 (40... Qb7 41. Nc3 Qb6 42. Nxb5 Qxb5 43. Rxd6 Rxd6
44. Qxd6 Qe8 45. Qxh6+ (45. Qxe5+)) 41. Rxd5 Qa6 42. Rxe5 $18 Qxa3 43. Rxb5 (
43. Re7) 43... Qa1 44. Ra5 Qg7 45. Qa2 Bb7 {Ribli.Das ist nurmehr schwarze
Agonie. Er kann nichts machen, nur warten.} 46. Ra7 f6 47. Ba6 Rd7 48. Qe6 (48.
Bxb7 Rxb7 49. Ra8+ Kh7 50. Qd5 Qf7 51. Qxf7+ Rxf7 52. Rd8 $18) 48... Bc6 49.
Rxd7 Bxd7 50. Qxd6 {Ribli.Schwarz konnte sich die restlichen Zuege sparen.} Qf7
51. Qd5 Be6 52. Qd4 Bxg4 53. Be2 (53. fxg4 Qa2+) 53... Bd7 54. b5 Qe6 55. Kf2
Kg7 56. g4 Qe7 {Ribli. Weiss spielte nicht optimal, aber jetzt hat er gewonnen.
} 57. Bc4 Be6 58. Bd5 Qd6 59. Kg2 h5 60. gxh5 Bd7 61. b6 Qf4 62. b7 g4 63. Qf2
$1 Kh6 64. e5 g3 (64... Qxe5 65. b8=Q Qxb8 66. Qe3+ Kxh5 (66... Kg7 67. Qe7+)
67. Bf7+) 65. Qxg3 Qd2+ 66. Kh1 {Ribli} 1-0

[Event "Griesheim GM"]
[Site "Griesheim"]
[Date "2002.01.27"]
[Round "5"]
[White "Jakubiec, Artur"]
[Black "Milov, Leonid"]
[Result "1/2-1/2"]
[WhiteElo "2518"]
[BlackElo "2470"]
[Annotator "Ribli,Z"]
[PlyCount "101"]
[EventDate "2002.01.23"]
[EventType "tourn"]
[EventRounds "9"]
[EventCountry "GER"]
[EventCategory "12"]
[SourceTitle "CBM 088"]
[Source "ChessBase"]
[SourceDate "2002.03.21"]
[SourceVersion "1"]
[SourceVersionDate "2002.03.21"]
[SourceQuality "1"]

1. e4 c5 2. Nf3 e6 3. d4 cxd4 4. Nxd4 Nc6 {Das ist die sogenannte
Taimanov-Paulsen-Variante der Sizilianischen Verteidigung. Ein wichtiger
Unterschied zwischen dieser Variante und der Paulsen-Variante (4...a6) besteht
darin, dass es nach 4...Nc6 mehr konkrete theoretische Varianten gibt.} 5. Nb5
{Dieser Zug wird heutzutage seltener gespielt, die Alternative 5.Nc3 ist
populärer.} d6 6. Bf4 e5 7. Be3 {Dises System wurde seinerzeit u.a. von
Fischer gespielt. Weiß verliert zwar ein Tempo, dafür ist aber das Fled
d5-Feld ein positionelles Loch in der schwarzen Stellung.} Be6 (7... a6) (7...
Nf6 8. Bg5) 8. Nd2 {Weiß strebt mit seinem Springer das Feld c4an. Der andere
Springer kann nun notfalls nach c3 zurück ziehen.} Nf6 9. Bg5 {Dieser -
weitere - Tempoverlust ist die eigentliche Idee der weißen Spielweise. Er will
den Nf6 abtauschen und dadurch das Feld d5 weiter schwächen.} Be7 10. Bxf6 Bxf6
11. Nc4 {[%csl Rd6] Dieser Zug gewinnt im Prinzip einen Bauern, da Schwarz den
Pd6 nicht verteidigen kann.} (11. Bc4 O-O $11) 11... O-O 12. Qxd6 Qc8 {Schwarz
hat offenkundig Kompensation für den Bauern - er besitzt das Läuferpaar, seine
Figuren sind gut entwickelt, und Weiß muss immer mit Rd8 oder Nd4 rechnen.} 13.
Qc7 {Die Dame stand exponiert auf d6, es ist insofern gut verständlich, dass
Weiß sie abtauschen möchte - auch die Alternative 13.c3 - zur Verteidigung des
Feldes d4 - bietet Weiß keinen Vorteil.} (13. c3 Be7 (13... Bxc4 14. Bxc4 Qg4
15. O-O Rad8 16. Qc5 Qxe4 17. Rfe1 Be7 18. Rxe4 {1/2-1/2 Nunn,J-Tal,M/
Reykjavik 1988/CBM 10 (18)}) 14. Qd2 Rd8 15. Qc1 (15. Qe3 Nd4 16. cxd4 Bxc4 17.
Rc1 Bb4+ 18. Kd1 exd4 19. Nxd4 Bc5 20. Bxc4 Rxd4+ 21. Bd3 Qg4+ 22. Kd2 Bb6 {
0-1 McDonald,N-Plaskett,J/Hampstead 1998/EXT 99 (39)}) 15... Bxc4 16. Bxc4 a6
17. Na3 Qg4 18. O-O Bxa3 19. bxa3 Qxe4 20. Bb3 Rac8 21. Re1 Qd3 22. Re3 Qd6 23.
Bc2 g6 24. a4 Qd2 25. Bb3 Qxc1+ 26. Rxc1 Kg7 27. Kf1 f5 28. Rb1 Kf6 29. Ke2 Na5
{1/2-1/2 Delchev,A-Cramling,P/France 2001/EXT 2002 (67)}) 13... Nd4 {Dieser
Zug ist nicht schlecht, aber die Alternative 13...Bxc4 bietet Schwarz
zumindest sehr bequemes Spiel.} (13... Bxc4 $5 14. Bxc4 Nd4 15. Bd3 (15. Qxc8
$2 Raxc8 16. Nxd4 Rxc4 $15) 15... Nxb5 16. Qxc8 Raxc8 17. Bxb5 Rxc2 18. b3 Rd8
19. O-O Rdd2 {[%csl Gc2,Gd2][%cal Rc2a2,Rc2h2]} 20. a4 Be7 21. Rad1 Bc5 $15 {
1/2-1/2 Wahls,M-Ribli,Z/Germany 1996/GER-chT (54)}) 14. Ne3 (14. Qxc8 Raxc8 15.
Nxd4 Bxc4 $15 (15... exd4 $15)) 14... Bg5 (14... a6 $6 15. Qxc8 Raxc8 16. Nc3
Bd8 {[%cal Gd8a5]} 17. O-O-O $14) 15. c3 (15. Qxe5 Bf6 16. Qc7 Nxb5 17. Qxc8
Raxc8 18. Bxb5 Bxb2 $15) 15... Bxe3 16. cxd4 Bxd4 17. Qxc8 Raxc8 18. Nxd4 exd4
{Nach einigen forcierten Zügen haben wir eine Stellung erreicht, in der
Schwarz - bei materiellem Gleichgewicht - aktiver steht. Er kontrolliert die
einzige offene Linie.} 19. Bd3 (19. Kd2 $5 f5 20. e5 Bd5 21. f3 Rfe8 22. Bd3
Rxe5 23. Rhc1 Bc6 24. b4 Rce8 {1/2-1/2 Sharapov,E-Brodsky,M/Alushta 1999/CBM
70 ext (24)}) 19... f5 $15 {Schwarz möchte die Stellung für seine Türme öffnen.
} 20. f3 (20. exf5 $6 Bxf5 21. Bxf5 Rxf5 22. O-O Rc2 $17) (20. O-O Bc4 21. Rfd1
Bxd3 22. Rxd3 fxe4 23. Rxd4 Rc2 24. Rf1 Rxb2 $17) 20... Bc4 21. Kd2 (21. Bxc4+
Rxc4 22. Kd2 fxe4 23. fxe4 $15) 21... Bxd3 22. Kxd3 {[%mdl 4096] Wir sind nach
der Eröffnung - praktisch ohne Mittelspiel - direkt im Endspiel gelandet.}
fxe4+ 23. fxe4 Rf2 {[%csl Gf2][%cal Rf2h2,Rf2a2] Der weiße König steht aktiv
im Zentrum, aber die schwarzen Türme sind viel stärker als ihre passiven
weißen Kollegen.} 24. Rac1 Rcf8 (24... Rxc1 25. Rxc1 Rxb2 (25... Rxg2 26. Rc8+
Kf7 27. Rc7+ Kf6 28. Rxb7 $14) 26. Rc2 $5 Rxc2 27. Kxc2 Kf7 28. Kd3 Ke6 29.
Kxd4 $11) 25. b3 (25. Rc7 Rxb2 $15) 25... Rxa2 26. Rc7 b6 (26... Rf7 27. Rc8+
Rf8 28. Rc7) 27. Kxd4 Rd8+ 28. Ke3 (28. Ke5 Re8+ 29. Kd4 Rxg2 $15 (29... Re2
$15)) 28... Rxg2 29. Rxa7 Rb2 {[%csl Rb3] Mit diesem Zug gewinnt Schwarz einen
Bauern. Generell muss ich jedoch anmerken, dass es in Turmendspielen -
speziell in Doppelturmendspielen - immer eine hohe Remiswahrscheinlichkeit
gibt.} 30. Rg1 Rxb3+ 31. Kf4 Rf8+ (31... g6 32. Rc1 $132 {[%cal Rc1c7,Ra7h7]})
32. Ke5 Rb5+ (32... Rf7 33. Ra8+ Rf8 34. Ra7) 33. Kd4 g6 34. Rc1 Rb4+ (34...
Rf7 35. Rxf7 Kxf7 36. Rc7+ Kf6 (36... Kg8 37. e5 $14 {Aktivität zählt hier
mehr als ein Bauer.}) 37. Rxh7 $11) 35. Ke3 Re8 (35... Rf7 36. Rxf7 Kxf7 37.
Rc7+ Kg8 38. e5 $11) 36. Rcc7 {[%csl Ga7,Gc7][%cal Ra7h7]} Rbxe4+ 37. Kf3 {
[%mdl 1024] Weiß hat zwei Bauern weniger, aber mit zwei Türmen auf der 7.
Reihe kann er nicht verlieren.} Rh4 38. Kg3 Rh5 39. Rab7 b5 40. h4 $11 {
Material ist nicht alles - Schwarz kann in dieser Stellung praktisch nichts
machen. Der Re8 darf die Grundlinie nicht verlassen und der andere Turm muss
auf h5 oder h6 bleiben, um den Ph7 zu verteidigen.} Re3+ 41. Kg2 Re8 42. Kg3
Kh8 43. Kg4 Ra8 44. Rd7 {Weiß braucht die Türme lediglich auf der 7. Reihe zu
belassen.} Rf8 45. Rdc7 Re8 46. Rd7 Re4+ 47. Kg3 Re3+ 48. Kg4 Re8 49. Rdc7 Kg8
50. Rg7+ Kh8 51. Rgc7 1/2-1/2